Która Flaga? - Statystyki

Ogólne statystyki
  • Ten quiz został rozwiązany 416 razy
    109 od ostatniego zresetowania
  • Średni wynik to 8 z 10
Statystyki odpowiedzi
Zagadnienie Odpowiedź % Poprawnych
Słowenia
97%
Mołdawia
94%
Luksemburg
92%
Nowa Zelandia
86%
Monako
83%
Mikronezja
83%
Bahrajn
81%
Irlandia
72%
Czad
69%
Palestyna
58%
Nie znaleziono quizów pasujących do podanych kryteriów
Rozkład punktacji
Procent ludzi z każdym wynikiem
Percentyl według liczby udzielonych odpowiedzi
Twoja historia wyników
Nie rozwiązałeś tego quizu od ostatniego zresetowania